00500nam a2200157 a 450000100100000000500170001000800410002702000180006804000250008610000190011124500450013026000680017530000200024350000310026371000480029400004045420201002034136.0130802s2008 mx 000 0 spa d a9789703204694 aDO-SdBNPbspacBNPHU1 aSabines, Jaime10aCrónica del Volcán /cJaime Sabines. aMéxico :bUniversidad Nacional Autónoma de México,c2008. a43 p. ;c16 cm. aSegunda reimpresión 20082 aUniversidad Nacional Autónoma de México